[Event "ICS rated blitz match"]
[Site "204.178.125.65"]
[Date "2000.05.08"]
[Round "?"]
[White "Hossa"]
[Black "Vanhelgi"]
[Result "1-0"]
[WhiteElo "2429"]
[BlackElo "2309"]
[PlyCount "69"]
[EventDate "2000.??.??"]

1. e4 e6 2. d4 d5 3. Nc3 Nf6 4. Bg5 Bb4 5. e5 h6 6. Bd2 Bxc3 7. bxc3 Ne4 8. Nf3
c5 9. Bd3 Nxd2 10. Qxd2 c4 11. Be2 Nc6 12. O-O b5 13. Rfb1 Rb8 14. Rb2 Bd7 15.
a3 O-O 16. Bf1 Rb7 17. a4 Ne7 18. Rab1 a6 19. Qe2 Rc7 20. axb5 Bxb5 21. g3 Qd7
22. Nd2 Rb8 23. Bg2 Rcb7 24. f4 Ba4 25. Rxb7 Rxb7 26. Rxb7 Qxb7 27. Qxc4 Bc6
28. Qa2 Nf5 29. Bf1 Bb5 30. Qb2 Qc6 31. Bxb5 Qxb5 32. Qxb5 axb5 33. Kf2 Kf8 34.
Nb1 b4 35. g4 {Vanhelgi resigns} 1-0

[Event "ICS rated blitz match"]
[Site "204.178.125.65"]
[Date "2000.05.08"]
[Round "?"]
[White "Vanhelgi"]
[Black "Hossa"]
[Result "0-1"]
[WhiteElo "2298"]
[BlackElo "2440"]
[PlyCount "60"]
[EventDate "2000.??.??"]

1. e4 e5 2. Nf3 Nc6 3. Bb5 a6 4. Ba4 Nf6 5. O-O Be7 6. Qe2 b5 7. Bb3 O-O 8. c3
d6 9. h3 Na5 10. Bc2 Be6 11. Rd1 Nc6 12. d4 Bc4 13. Qe1 exd4 14. cxd4 b4 15.
Nbd2 Bb5 16. e5 Nd7 17. Qe4 g6 18. exd6 Bxd6 19. Nf1 Re8 20. Qg4 Be2 21. Rd2
Nf6 22. Qh4 Bxf3 23. gxf3 Re1 24. Rd1 Rxd1 25. Bxd1 Nxd4 26. Bg5 Be7 27. Ne3
Ne6 28. Bb3 Nxg5 29. Qxg5 Qd7 30. Rd1 Qxh3 {Vanhelgi resigns} 0-1

[Event "ICS rated standard match"]
[Site "204.178.125.65"]
[Date "2000.05.08"]
[Round "?"]
[White "markOpoleO"]
[Black "Hossa"]
[Result "1/2-1/2"]
[WhiteElo "2514"]
[BlackElo "2375"]
[PlyCount "278"]
[EventDate "2000.??.??"]

1. e4 e5 2. Nf3 Nc6 3. Bb5 a6 4. Ba4 Nf6 5. O-O Be7 6. Re1 b5 7. Bb3 d6 8. c3
O-O 9. h3 Bb7 10. d4 Re8 11. Nbd2 Bf8 12. a4 h6 13. Bc2 exd4 14. cxd4 Nb4 15.
Bb1 c5 16. d5 Nd7 17. Ra3 c4 18. axb5 axb5 19. Rxa8 Bxa8 20. Nd4 Qb6 21. Ne2
Qa5 22. Nf3 Qa1 23. Nc3 Nc5 24. Nd2 Nbd3 25. Rf1 b4 26. Nb5 Rb8 27. Bxd3 Nxd3
28. Nd4 Rc8 29. Qc2 Qa2 30. Rd1 Bb7 31. N2f3 Re8 32. Ne1 Rxe4 33. Nxd3 cxd3 34.
Qxd3 Qxd5 35. f3 Re8 36. Bf4 Qc5 37. Qb5 Qxb5 38. Nxb5 d5 39. Nd6 Bxd6 40. Bxd6
Re2 41. Rd4 Rxb2 42. Rxb4 Rxb4 43. Bxb4 Ba6 44. Bc5 Kh7 45. Kf2 Bc4 46. Ke3 g5
47. g3 Kg6 48. f4 Kh5 49. fxg5 hxg5 50. Kd4 f6 51. Be7 Kg6 52. h4 Bb3 53. Bd8
Ba2 54. Be7 Bc4 55. Bd8 Kf5 56. Be7 Ke6 57. Bb4 Kf7 58. Bd6 Kg7 59. Be7 gxh4
60. gxh4 Kf7 61. Bc5 Bb3 62. h5 Ke6 63. h6 Bc2 64. Bb6 Bh7 65. Bc7 Kd7 66. Bb6
Kd6 67. Ba5 Bg6 68. Bb4+ Ke6 69. Bc3 Bh7 70. Bb4 Bg8 71. Bd2 Kd6 72. Bf4+ Kc6
73. Bc1 Kd6 74. Bf4+ Kc6 75. Bg3 Kd7 76. Kc5 Ke6 77. Kd4 f5 78. Be5 Bh7 79. Bf4
Bg6 80. Be3 Bh7 81. Bd2 Bg6 82. Be3 Bh7 83. Bg5 Bg8 84. Bd2 Bh7 85. Bg5 Bg8 86.
Bf4 Bh7 87. Bc1 Kf7 88. Kxd5 f4 89. Bxf4 Bg6 90. Ke5 Bh5 91. Kf5 Bf3 92. Bd2
Bg2 93. Bf4 Bh1 94. Bd6 Bg2 95. Bf4 Bh1 96. Be5 Kg8 97. Kg6 Be4+ 98. Kg5 Bf3
99. Bg7 Bg2 100. Bf6 Bh1 101. Bd4 Bf3 102. Kg6 Be4+ 103. Kf6 Bg2 104. Be5 Bh1
105. Kf5 Bd5 106. Kg6 Be4+ 107. Kh5 Bf3+ 108. Kg5 Bg2 109. Bf6 Bh1 110. Be7 Bg2
111. Kf5 Bh1 112. Bg5 Bg2 113. Be7 Bh1 114. Bd6 Bf3 115. Kg6 Be4+ 116. Kf6 Bg2
117. Kg5 Bh1 118. Kf5 Bf3 119. Bc7 Bh1 120. Be5 Bd5 121. Ba1 Bg2 122. Bf6 Bh1
123. Kg6 Be4+ 124. Kh5 Bf3+ 125. Kh4 Bg2 126. Kg4 Bf1 127. Kg5 Be2 128. Bg7 Bf1
129. Bf6 Be2 130. Bg7 Bf1 131. Bd4 Bd3 132. Ba7 Be2 133. Bc5 Bf1 134. Kg6 Bd3+
135. Kf6 Be2 136. Kf5 Bf1 137. Ke5 Be2 138. Kf4 Bf1 139. Be7 Be2 1/2-1/2

[Event "ICS rated standard match"]
[Site "204.178.125.65"]
[Date "2000.05.08"]
[Round "?"]
[White "Hossa"]
[Black "markOpoleO"]
[Result "0-1"]
[WhiteElo "2379"]
[BlackElo "2508"]
[PlyCount "144"]
[EventDate "2000.??.??"]

1. e4 e5 2. Nf3 Nc6 3. Nc3 g6 4. Bc4 Bg7 5. O-O d6 6. Bb5 Nge7 7. d3 O-O 8. Bg5
h6 9. Bh4 Bg4 10. Bxc6 bxc6 11. h3 Be6 12. d4 f6 13. Qe2 Qe8 14. Qa6 exd4 15.
Nxd4 Bf7 16. Rfd1 Qd7 17. b4 Rfb8 18. Rab1 Re8 19. a4 Rab8 20. Nce2 Ra8 21. Re1
Rab8 22. Qd3 Rb6 23. a5 Rbb8 24. a6 Rb6 25. Nc3 Reb8 26. b5 cxb5 27. Ndxb5 Rxa6
28. Nxc7 Rxb1 29. Rxb1 Qxc7 30. Qxa6 Qxc3 31. Qxa7 Bf8 32. Qa1 Qxc2 33. Re1 f5
34. Bxe7 Bxe7 35. exf5 Bg5 36. fxg6 Qxg6 37. Qa8+ Kg7 38. Qa3 d5 39. Qc3+ Bf6
40. Qc8 d4 41. g3 Qh5 42. h4 d3 43. Qd7 Bc3 44. Re4 d2 45. Rg4+ Kh7 46. Qd3+
Bg6 47. Qd7+ Bg7 48. Kg2 Qxg4 49. Qxg4 Bc2 50. Qc8 d1=Q 51. Qe6 Qd3 52. f3 Bd1
53. Qe4+ Qxe4 54. fxe4 h5 55. Kf2 Bd4+ 56. Kg2 Kg7 57. Kf1 Bf3 58. Ke1 Bxe4 59.
Ke2 Kf6 60. Kf1 Be5 61. Kf2 Kf5 62. Ke2 Bxg3 63. Ke3 Bf2+ 64. Ke2 Be3 65. Kf1
Kg4 66. Ke2 Kxh4 67. Kd1 Bd3 68. Ke1 Kg3 69. Kd1 h4 70. Ke1 h3 71. Kd1 h2 72.
Ke1 h1=Q# {Hossa checkmated} 0-1

[Event "ICS rated standard match"]
[Site "204.178.125.65"]
[Date "2000.05.08"]
[Round "?"]
[White "chessdu"]
[Black "Hossa"]
[Result "0-1"]
[WhiteElo "2165"]
[BlackElo "2372"]
[PlyCount "35"]
[EventDate "2000.??.??"]

1. Nf3 d5 2. d4 e6 3. c4 dxc4 4. e3 b5 5. g3 Nf6 6. Bg2 Bb7 7. O-O Nbd7 8. a4
b4 9. b3 c3 10. a5 Bd6 11. Qe2 O-O 12. Ne1 Bxg2 13. Kxg2 c5 14. Nd3 cxd4 15.
exd4 Rc8 16. Ra4 Nd5 17. Be3 c2 18. Nd2 {chessdu resigns} 0-1

[Event "ICS rated blitz match"]
[Site "204.178.125.65"]
[Date "2000.05.08"]
[Round "?"]
[White "dr-what"]
[Black "Hossa"]
[Result "0-1"]
[WhiteElo "2012"]
[BlackElo "2461"]
[PlyCount "71"]
[EventDate "2000.??.??"]

1. e4 e5 2. Nf3 Nc6 3. Bb5 a6 4. Ba4 Nf6 5. O-O Be7 6. Re1 b5 7. Bb3 d6 8. c3
O-O 9. h3 Bb7 10. d3 a5 11. Nbd2 a4 12. Bc2 Re8 13. Nf1 d5 14. exd5 Qxd5 15.
Ne3 Qd7 16. Qe2 Bc5 17. Bd2 a3 18. b4 Bb6 19. Rad1 Nd4 20. cxd4 exd4 21. Qf1
dxe3 22. Bxe3 Bxf3 23. gxf3 Bxe3 24. fxe3 Nd5 25. d4 Nxe3 26. Qd3 Nxc2 27.
Rxe8+ Rxe8 28. Qxc2 Qxh3 29. Qxc7 Qxf3 30. Rf1 Qg4+ 31. Kh1 Qh4+ 32. Kg1 Qxd4+
33. Kh1 Qe4+ 34. Kg1 Qg4+ 35. Kh1 Qc4 36. Kg1 {dr-what resigns} 0-1

[Event "ICS rated blitz match"]
[Site "204.178.125.65"]
[Date "2000.05.08"]
[Round "?"]
[White "Hossa"]
[Black "RusMafia"]
[Result "1-0"]
[WhiteElo "2463"]
[BlackElo "1990"]
[PlyCount "51"]
[EventDate "2000.??.??"]

1. e4 d6 2. d4 Nf6 3. Nc3 g6 4. f4 Bg7 5. Nf3 O-O 6. Bd3 c5 7. dxc5 dxc5 8. Qe2
Nc6 9. e5 Nd5 10. Nxd5 Qxd5 11. Be4 Qd8 12. Be3 Nd4 13. Qc4 Be6 14. Qxc5 Nxf3+
15. gxf3 Qd7 16. Rd1 Qa4 17. Bxb7 Rab8 18. b3 Qxa2 19. Be4 Rfc8 20. Qxe7 Bf8
21. Qxa7 Bb4+ 22. Kf1 Rxc2 23. Qxb8+ Kg7 24. f5 Bxf5 25. Bxf5 Rg2 26. Bd3 {
RusMafia resigns} 1-0

[Event "ICS rated blitz match"]
[Site "204.178.125.65"]
[Date "2000.05.08"]
[Round "?"]
[White "RusMafia"]
[Black "Hossa"]
[Result "0-1"]
[WhiteElo "1997"]
[BlackElo "2465"]
[PlyCount "30"]
[EventDate "2000.??.??"]

1. Nf3 d5 2. d4 e6 3. c4 dxc4 4. e3 b5 5. a4 c6 6. Nc3 Bb4 7. Bd2 Bb7 8. Ne5
Nd7 9. f4 Ne7 10. Qf3 a6 11. Be2 O-O 12. O-O f6 13. Ng4 Qb6 14. Bd1 c5 15. Qg3
Nf5 {RusMafia resigns} 0-1

[Event "ICS rated blitz match"]
[Site "204.178.125.65"]
[Date "2000.05.08"]
[Round "?"]
[White "Hossa"]
[Black "sanchess64"]
[Result "1-0"]
[WhiteElo "2467"]
[BlackElo "1989"]
[PlyCount "59"]
[EventDate "2000.??.??"]

1. e4 d6 2. d4 d5 3. exd5 Qxd5 4. Nc3 Qa5 5. Nf3 Nf6 6. Bd2 c6 7. Be2 Qc7 8.
O-O e6 9. Re1 Be7 10. Ne5 Nbd7 11. Bf4 Bd6 12. Nxd7 Bxf4 13. Nxf6+ gxf6 14. g3
Bd6 15. Qd2 Bd7 16. Qh6 O-O-O 17. Qxf6 Rhg8 18. Qxf7 Rdf8 19. Qxh7 Rh8 20. Qe4
Rxh2 21. Kxh2 Bxg3+ 22. fxg3 Rf2+ 23. Kh3 e5+ 24. Bg4 Qd6 25. Bxd7+ Kc7 26. Bf5
Qh6+ 27. Kg4 Qg7+ 28. Bg6 Qd7+ 29. Kh5 Qh3+ 30. Qh4 {sanchess64 resigns} 1-0

[Event "ICS rated blitz match"]
[Site "204.178.125.65"]
[Date "2000.05.08"]
[Round "?"]
[White "sanchess64"]
[Black "Hossa"]
[Result "0-1"]
[WhiteElo "1987"]
[BlackElo "2469"]
[PlyCount "53"]
[EventDate "2000.??.??"]

1. e4 e5 2. Nf3 Nc6 3. Bc4 Bc5 4. d3 Nf6 5. O-O d6 6. h3 Na5 7. Bb3 Nxb3 8.
axb3 Nd7 9. c3 O-O 10. b4 Bb6 11. g3 Nf6 12. Kg2 d5 13. Bd2 dxe4 14. dxe4 Nxe4
15. Nxe5 Qd5 16. Bf4 Bxh3+ 17. Kh2 Qe6 18. f3 Rfd8 19. Qe1 Bxf1 20. Qxf1 Nf2
21. Nd2 Qf5 22. Qg2 Qh5+ 23. Kg1 Nd3+ 24. Kf1 Nxf4 25. gxf4 Rxd2 26. Qxd2 Qh1+
27. Ke2 {sanchess64 resigns} 0-1

[Event "ICS rated blitz match"]
[Site "204.178.125.65"]
[Date "2000.05.08"]
[Round "?"]
[White "QueenMaxima"]
[Black "Hossa"]
[Result "0-1"]
[WhiteElo "2475"]
[BlackElo "2471"]
[PlyCount "106"]
[EventDate "2000.??.??"]

1. e4 e5 2. Nf3 Nc6 3. Bb5 a6 4. Ba4 Nf6 5. O-O Be7 6. Re1 b5 7. Bb3 d6 8. c3
O-O 9. h3 Bb7 10. d4 Re8 11. Nbd2 Bf8 12. a4 h6 13. Bc2 exd4 14. cxd4 Nb4 15.
Bb1 c5 16. d5 Nd7 17. Ra3 f5 18. Nh2 fxe4 19. Bxe4 Nf6 20. Rg3 Nxe4 21. Nxe4
Bxd5 22. Nc3 Rxe1+ 23. Qxe1 Kh8 24. axb5 axb5 25. Nxb5 Ra1 26. Nc3 Bc4 27. Qd2
d5 28. Ng4 Bd6 29. Rf3 d4 30. Nxh6 dxc3 31. Rxc3 Be6 32. Ng4 Na2 33. Qe3 Nxc3
34. bxc3 Bxg4 35. hxg4 Bc7 36. g3 Qd1+ 37. Kg2 Qxc1 38. Qe8+ Kh7 39. Qh5+ Qh6
40. Qf5+ Qg6 41. Kf3 Qxf5+ 42. gxf5 Ra3 43. Ke4 Rxc3 44. Kd5 Bb6 45. Kc6 Ba7
46. Kb7 Rb3+ 47. Kxa7 c4 48. f6 gxf6 49. f3 c3 50. g4 c2 51. g5 c1=Q 52. g6+
Kxg6 53. Ka8 Qa1# 0-1

[Event "ICS rated blitz match"]
[Site "204.178.125.65"]
[Date "2000.05.08"]
[Round "?"]
[White "Hossa"]
[Black "mvlito"]
[Result "1/2-1/2"]
[WhiteElo "2487"]
[BlackElo "2182"]
[PlyCount "69"]
[EventDate "2000.??.??"]

1. e4 c5 2. Nf3 e6 3. d4 cxd4 4. Nxd4 Nc6 5. Nc3 Qc7 6. Be2 a6 7. f4 b5 8. Nxc6
dxc6 9. a3 Nf6 10. e5 Nd5 11. Bd2 Be7 12. a4 Nxc3 13. Bxc3 b4 14. Bd4 c5 15.
Bf2 Bb7 16. Bf3 Rd8 17. Qe2 O-O 18. Bxb7 Qxb7 19. O-O Rd7 20. Rfd1 Rfd8 21.
Rxd7 Rxd7 22. g3 g6 23. b3 Qc6 24. Re1 Rd5 25. Qe4 h5 26. Rf1 Qd7 27. Qe2 a5
28. Be3 Qb7 29. Ra1 Rd7 30. Qb5 Qf3 31. Qxd7 Qxe3+ 32. Kf1 Qf3+ 33. Kg1 Qe3+
34. Kf1 Qf3+ 35. Kg1 1/2-1/2

[Event "ICS rated blitz match"]
[Site "204.178.125.65"]
[Date "2000.05.08"]
[Round "?"]
[White "mvlito"]
[Black "Hossa"]
[Result "0-1"]
[WhiteElo "2193"]
[BlackElo "2476"]
[PlyCount "130"]
[EventDate "2000.??.??"]

1. e4 e5 2. Nc3 Nf6 3. Nf3 Nc6 4. Be2 Be7 5. O-O O-O 6. b3 d6 7. Bb2 Nd4 8.
Nxd4 exd4 9. Nb5 c5 10. Bf3 Be6 11. c3 a6 12. Na3 d3 13. c4 Nd7 14. Nb1 b5 15.
cxb5 axb5 16. Nc3 b4 17. Nd5 Bxd5 18. exd5 Bf6 19. Bxf6 Qxf6 20. Be4 Qd4 21.
Qf3 Ne5 22. Qe3 Qxe3 23. fxe3 Ra7 24. Rfb1 f5 25. Bf3 Rfa8 26. Rb2 g5 27. Kf2
Kg7 28. h3 f4 29. g3 fxe3+ 30. Kxe3 Nxf3 31. Kxf3 Re7 32. a4 bxa3 33. Rba2 Rf8+
34. Kg4 Kg6 35. h4 h5+ 36. Kh3 g4+ 37. Kg2 Re2+ 38. Kg1 Rf3 39. Rxa3 Rxg3+ 40.
Kf1 Kf6 41. Ra6 Ke5 42. Ra8 Rh3 43. Re8+ Kxd5 44. Rxe2 dxe2+ 45. Kxe2 Rxh4 46.
Kd3 Rh2 47. Ra8 Rh3+ 48. Kc2 Rh1 49. Rg8 Re1 50. Rg6 Re6 51. Rg5+ Re5 52. Rg6
Rf5 53. Rg8 Ke4 54. Re8+ Kf4 55. Re3 h4 56. Re6 g3 57. Rxd6 h3 58. Rg6 g2 59.
Rh6 Kg4 60. Rg6+ Rg5 61. Re6 g1=Q 62. Re4+ Kh5 63. Rc4 h2 64. Kb2 h1=Q 65. Rc2
Qa1# {mvlito checkmated} 0-1

[Event "ICS rated blitz match"]
[Site "204.178.125.65"]
[Date "2000.05.08"]
[Round "?"]
[White "Baxpace"]
[Black "Hossa"]
[Result "1-0"]
[WhiteElo "2696"]
[BlackElo "2481"]
[PlyCount "121"]
[EventDate "2000.??.??"]

1. e4 e5 2. Nf3 Nc6 3. Bb5 a6 4. Ba4 Nf6 5. O-O Be7 6. Re1 b5 7. Bb3 d6 8. c3
O-O 9. h3 Nb8 10. d4 Nbd7 11. Nbd2 Bb7 12. Bc2 Re8 13. Nf1 Bf8 14. Ng3 g6 15.
a4 c5 16. d5 c4 17. Bg5 h6 18. Be3 Nc5 19. Qd2 h5 20. Bg5 Bg7 21. axb5 axb5 22.
Rxa8 Qxa8 23. Bh6 Bc8 24. Bxg7 Kxg7 25. Nh4 Ng8 26. Qg5 Kf8 27. Nf3 Qa2 28. Rb1
Bb7 29. Nd2 Rc8 30. Kh2 Nd3 31. Bxd3 cxd3 32. Qe3 Ba6 33. Qxd3 b4 34. Qe3 bxc3
35. bxc3 h4 36. Nh1 Nf6 37. Rb6 Rd8 38. Nf3 Kg7 39. Nxh4 Bc8 40. Ng3 Kg8 41. c4
Qxc4 42. Rc6 Qd4 43. Qg5 Qxf2 44. Nhf5 Re8 45. Qxf6 Bxf5 46. exf5 Qf4 47. Rxd6
g5 48. Rd8 Rxd8 49. Qxd8+ Kg7 50. Qe7 g4 51. d6 gxh3 52. d7 hxg2 53. Kxg2 Qd2+
54. Kh3 Qh6+ 55. Qh4 Qxh4+ 56. Kxh4 f6 57. d8=Q Kf7 58. Ne4 Kg7 59. Qe7+ Kh8
60. Qf8+ Kh7 61. Nxf6# {Hossa checkmated} 1-0

[Event "ICS rated blitz match"]
[Site "204.178.125.65"]
[Date "2000.05.08"]
[Round "?"]
[White "Hossa"]
[Black "WICKER-MAN"]
[Result "1-0"]
[WhiteElo "2474"]
[BlackElo "2080"]
[PlyCount "115"]
[EventDate "2000.??.??"]

1. e4 e5 2. Nf3 d6 3. d4 Nf6 4. Nc3 Nbd7 5. Bc4 Be7 6. O-O O-O 7. Qe2 c6 8. a4
Qc7 9. h3 b6 10. Rd1 Bb7 11. dxe5 dxe5 12. Be3 Rad8 13. Bg5 Bc8 14. Rd2 Nc5 15.
Rad1 Be6 16. Rxd8 Rxd8 17. Rxd8+ Bxd8 18. Be3 Bxc4 19. Qxc4 Be7 20. Bxc5 Bxc5
21. a5 Kf8 22. b4 Bd6 23. axb6 axb6 24. b5 cxb5 25. Qd3 b4 26. Nb5 Qc6 27.
Qxd6+ Qxd6 28. Nxd6 Ke7 29. Nc8+ Ke6 30. Ng5+ Kd7 31. Nxb6+ Kc6 32. Nc4 h6 33.
Nxe5+ Kc5 34. Ngxf7 Nxe4 35. Nd3+ Kc4 36. Nf4 Kc3 37. Nd5+ Kc4 38. Ne3+ Kc3 39.
Nd8 Nd2 40. Nc6 g5 41. Nf5 h5 42. Ng7 g4 43. h4 g3 44. Nxh5 gxf2+ 45. Kxf2 Ne4+
46. Kf3 Nd2+ 47. Kf4 Nc4 48. Nf6 Na3 49. h5 Nxc2 50. h6 b3 51. Ne4+ Kd3 52.
Ne5+ Kd4 53. Nf3+ Kd3 54. h7 b2 55. h8=Q b1=Q 56. Qc3+ Ke2 57. Qd2+ Kf1 58.
Qf2# 1-0

[Event "ICS rated blitz match"]
[Site "204.178.125.65"]
[Date "2000.05.08"]
[Round "?"]
[White "Hossa"]
[Black "WICKER-MAN"]
[Result "1-0"]
[WhiteElo "2480"]
[BlackElo "2074"]
[PlyCount "61"]
[EventDate "2000.??.??"]

1. e4 e5 2. Nf3 Nc6 3. Nc3 Nf6 4. Nxe5 Nxe5 5. d4 Nc6 6. d5 Ne5 7. f4 Ng6 8. e5
d6 9. exf6 Qxf6 10. Bb5+ Bd7 11. Bxd7+ Kxd7 12. Qg4+ Kd8 13. Be3 Be7 14. O-O-O
Re8 15. g3 Bf8 16. Rde1 a5 17. Qh5 a4 18. f5 Rxe3 19. Rxe3 Ne5 20. Rhe1 a3 21.
b3 Kd7 22. Ne4 Qe7 23. Qxh7 f6 24. Qg8 c5 25. Nc3 Kc7 26. Nb5+ Kb6 27. c4 g6
28. fxg6 Bh6 29. Qxa8 Bxe3+ 30. Rxe3 Nd3+ 31. Kb1 {WICKER-MAN resigns} 1-0

[Event "ICS rated blitz match"]
[Site "204.178.125.65"]
[Date "2000.05.08"]
[Round "?"]
[White "PostModernist"]
[Black "Hossa"]
[Result "1-0"]
[WhiteElo "2639"]
[BlackElo "2483"]
[PlyCount "155"]
[EventDate "2000.??.??"]

1. e4 e5 2. Nf3 Nc6 3. Bb5 a6 4. Ba4 Nf6 5. Nc3 b5 6. Bb3 Bc5 7. O-O d6 8. h3
Nd4 9. Nxd4 Bxd4 10. d3 Be6 11. Qf3 Bxb3 12. axb3 c6 13. Bg5 b4 14. Na4 Ba7 15.
c3 Rb8 16. cxb4 Rxb4 17. Rfc1 Rxb3 18. Rxc6 a5 19. Bxf6 gxf6 20. Rac1 Rb8 21.
Qg4 h5 22. Qf5 O-O 23. R6c2 Bd4 24. Qxh5 Qd7 25. Nc3 Qe6 26. Qf3 Rfc8 27. Kh2
Rb3 28. Qh5 Rcb8 29. Nd5 Kg7 30. Nc7 Qd7 31. Na6 Ra8 32. Rc7 Qe6 33. Rxf7+ Qxf7
34. Rc7 Rf8 35. Qg4+ Kh7 36. Rxf7+ Rxf7 37. Qe6 Rbb7 38. Nb8 Kg7 39. Nc6 Rxb2
40. Nxd4 exd4 41. Qxd6 Rb4 42. e5 Kg6 43. e6 Rh7 44. e7 Rh8 45. Qg3+ Kf7 46.
Qc7 Re8 47. Qxa5 Rbb8 48. Qd5+ Kxe7 49. Qxd4 Rbd8 50. Qe4+ Kf7 51. Qh7+ Ke6 52.
g4 Rh8 53. Qf5+ Ke7 54. f4 Ra8 55. g5 fxg5 56. fxg5 Raf8 57. Qe5+ Kf7 58. Qf6+
Ke8 59. Qe6+ Kd8 60. g6 Re8 61. g7 Rhg8 62. Qf7 Kc8 63. Kg3 Kb8 64. Kg4 Kc8 65.
h4 Rd8 66. h5 Rge8 67. h6 Re2 68. h7 Rg2+ 69. Kh4 Rh2+ 70. Kg3 Rxh7 71. Qf5+
Kc7 72. Qxh7 Kc6 73. g8=Q Rd7 74. Qe6+ Kc5 75. Qhxd7 Kb4 76. Qc4+ Ka3 77. Qda4+
Kb2 78. Qcc2# {Hossa checkmated} 1-0

[Event "ICS rated standard match"]
[Site "204.178.125.65"]
[Date "2000.05.08"]
[Round "?"]
[White "Hossa"]
[Black "ZarkovX"]
[Result "0-1"]
[WhiteElo "2379"]
[BlackElo "2604"]
[PlyCount "118"]
[EventDate "2000.??.??"]

1. e4 e5 2. Nf3 Nc6 3. Nc3 Nf6 4. Nxe5 Nxe5 5. d4 Nc6 6. d5 Ne7 7. e5 Nfxd5 8.
Nxd5 d6 9. Bc4 Be6 10. Bb5+ c6 11. Nxe7 Bxe7 12. exd6 Bxd6 13. Bd3 Qh4 14. g3
Qh3 15. Bf1 Qf5 16. Be2 O-O-O 17. O-O Bb4 18. Bd3 Qd5 19. Be2 Qa5 20. Bd3 Bh3
21. Qf3 Bxf1 22. Bxf1 f5 23. c3 Bd6 24. Be3 Rhf8 25. Qh5 h6 26. Bd4 Be5 27. Be3
Kb8 28. Bc4 Qa4 29. Qe2 Bc7 30. Re1 f4 31. gxf4 Ka8 32. f5 Rxf5 33. b4 Re5 34.
Bb3 Qb5 35. Bc4 Rg5+ 36. Bxg5 Qxg5+ 37. Kf1 Bxh2 38. Qe4 Rf8 39. Ke2 Be5 40.
Kf1 Qg3 41. Qe3 Qh4 42. Bb3 Bc7 43. Bf7 Qf6 44. Bh5 g6 45. Bd1 Bb6 46. Qd2 Bxf2
47. Kg2 Bxe1 48. Qxe1 Qg5+ 49. Kh2 Qc1 50. Qe7 Qf4+ 51. Kh3 Qf1+ 52. Kg3 h5 53.
a4 h4+ 54. Qxh4 Qxd1 55. Qd4 Qf3+ 56. Kh2 Re8 57. Qe5 Rxe5 58. Kg1 Qg3+ 59. Kf1
Re1# {Hossa checkmated} 0-1

[Event "ICS rated blitz match"]
[Site "204.178.125.65"]
[Date "2000.05.08"]
[Round "?"]
[White "Hossa"]
[Black "PostModernist"]
[Result "0-1"]
[WhiteElo "2474"]
[BlackElo "2637"]
[PlyCount "80"]
[EventDate "2000.??.??"]

1. e4 c6 2. d4 d5 3. exd5 cxd5 4. c4 Nf6 5. Nc3 Nc6 6. Bg5 e6 7. Nf3 Be7 8. Be2
O-O 9. O-O dxc4 10. Bxc4 b6 11. Rc1 Bb7 12. Bb5 Rc8 13. Bxc6 Bxc6 14. Ne5 Qd6
15. Qd3 Rfd8 16. Rfe1 Bb7 17. Rcd1 Qb4 18. Qd2 h6 19. a3 Qb3 20. Bxf6 Bxf6 21.
Qe2 a5 22. Rd2 Bg5 23. Rdd1 a4 24. g3 Rc7 25. f4 Be7 26. Ra1 Rxd4 27. Kf1 Rd8
28. Red1 Rxd1+ 29. Rxd1 Bxa3 30. Rd8+ Kh7 31. Qd3+ f5 32. Rd7 Rxd7 33. Qxd7
Ba6+ 34. Kg1 Qxb2 35. Nd1 Bc5+ 36. Kh1 Qe2 37. Ne3 Qxe3 38. Qd1 Bb7+ 39. Nc6
Qe4+ 40. Qf3 Qxf3# {Hossa checkmated} 0-1

[Event "ICS rated blitz match"]
[Site "204.178.125.65"]
[Date "2000.05.08"]
[Round "?"]
[White "PostModernist"]
[Black "Hossa"]
[Result "0-1"]
[WhiteElo "2646"]
[BlackElo "2465"]
[PlyCount "124"]
[EventDate "2000.??.??"]

1. d4 Nf6 2. c4 e6 3. g3 Bb4+ 4. Nc3 Ne4 5. Qd3 d5 6. Nf3 Nd7 7. cxd5 exd5 8.
Bg2 O-O 9. Nd2 Nxd2 10. Bxd2 Nb6 11. b3 Re8 12. O-O c6 13. Qf3 g6 14. a3 Bxc3
15. Bxc3 Bf5 16. e3 Bc2 17. b4 Be4 18. Qe2 Bxg2 19. Kxg2 Nc4 20. Qf3 Qd7 21.
Rfb1 Re4 22. Rc1 Rc8 23. a4 Ra8 24. Qf6 Ree8 25. Rab1 Qg4 26. b5 Qe2 27. Kg1
Re6 28. Qf4 Rae8 29. bxc6 bxc6 30. Rb7 R6e7 31. Rxe7 Rxe7 32. Qf6 Rxe3 33. Re1
Qf3 34. Qd8+ Kg7 35. Bb4 Rxe1+ 36. Bxe1 Qd1 37. Qe8 Qxa4 38. Kg2 Qc2 39. Bb4
Qe4+ 40. Qxe4 dxe4 41. Bc3 f6 42. g4 Kf7 43. Kg3 Ke6 44. Kf4 Kd5 45. h4 a5 46.
h5 a4 47. hxg6 hxg6 48. g5 f5 49. Ba1 a3 50. Bc3 Nb2 51. Ke3 Kc4 52. d5 Kxc3
53. dxc6 Nc4+ 54. Ke2 a2 55. c7 Nd6 56. Ke3 a1=Q 57. c8=R+ Nxc8 58. Kf4 Qd1 59.
Kg3 f4+ 60. Kh2 Qg4 61. Kh1 f3 62. Kh2 Qg2# 0-1

[Event "ICS rated blitz match"]
[Site "204.178.125.65"]
[Date "2000.05.08"]
[Round "?"]
[White "Hossa"]
[Black "PostModernist"]
[Result "1-0"]
[WhiteElo "2489"]
[BlackElo "2622"]
[PlyCount "169"]
[EventDate "2000.??.??"]

1. e4 c5 2. Nf3 d6 3. d4 Nf6 4. Nc3 cxd4 5. Nxd4 e6 6. g4 e5 7. Bb5+ Bd7 8.
Bxd7+ Qxd7 9. Nf5 h5 10. gxh5 Nxe4 11. Nxg7+ Bxg7 12. Nxe4 d5 13. h6 dxe4 14.
hxg7 Qxd1+ 15. Kxd1 Rg8 16. Rg1 Nc6 17. Be3 Ne7 18. Ke2 f6 19. Rg4 Nf5 20. Rag1
Kf7 21. Rxe4 Rxg7 22. Rxg7+ Kxg7 23. Rc4 Kg6 24. f3 Rh8 25. Rg4+ Kf7 26. Rg2
Nh4 27. Rf2 b6 28. h3 Nf5 29. Rh2 Ke6 30. Bf2 b5 31. b3 Rc8 32. Kd2 a6 33. c3
Rd8+ 34. Kc2 Rc8 35. Kd3 Rd8+ 36. Ke2 Rc8 37. Be1 Ne7 38. Kd3 Rd8+ 39. Kc2 Nf5
40. h4 b4 41. Bf2 bxc3 42. Kxc3 Rc8+ 43. Kd2 Rd8+ 44. Ke2 Rc8 45. Kd3 Rd8+ 46.
Kc2 Rc8+ 47. Kb2 Rd8 48. Bc5 Rd3 49. h5 Kf7 50. h6 Rd8 51. Bb4 Rh8 52. Bd2 Nd4
53. Rh3 Nf5 54. b4 Kg6 55. a4 Rd8 56. Bc1 Kh7 57. Rh5 Rb8 58. Bd2 Rd8 59. Kc1
Nd4 60. Be3 Rb8 61. Bxd4 exd4 62. b5 Kg6 63. Rh4 axb5 64. axb5 Kh7 65. Rh5 Kg6
66. Rd5 Kxh6 67. Kd2 Ra8 68. Rxd4 Kg5 69. f4+ Kg4 70. b6 Rb8 71. Rb4 Rb7 72.
Kc3 f5 73. Kb3 Kf3 74. Ka4 Ke3 75. Ka5 Rb8 76. b7 Rxb7 77. Rxb7 Kxf4 78. Kb4
Ke3 79. Kc3 Ke4 80. Re7+ Kd5 81. Re2 f4 82. Kd3 Kc5 83. Rf2 Kb4 84. Rxf4+ Kc5
85. Rd4 1-0

[Event "ICS rated blitz match"]
[Site "204.178.125.65"]
[Date "2000.05.08"]
[Round "?"]
[White "TerraPi"]
[Black "Hossa"]
[Result "0-1"]
[WhiteElo "1891"]
[BlackElo "2511"]
[PlyCount "62"]
[EventDate "2000.??.??"]

1. Nf3 d5 2. c4 c6 3. d4 Nf6 4. cxd5 cxd5 5. Bf4 Nc6 6. e3 Nh5 7. Bg3 Bg4 8.
Bh4 Nf6 9. Nc3 e6 10. h3 Bxf3 11. Qxf3 Bb4 12. Rc1 Bxc3+ 13. Rxc3 Rc8 14. Be2
h6 15. O-O g5 16. Bg3 Ne4 17. Rd3 h5 18. a3 b6 19. Bh2 f5 20. b4 g4 21. hxg4
hxg4 22. Qf4 a6 23. Kh1 Qh4 24. b5 Ne7 25. bxa6 Ng6 26. Rc3 Nxc3 27. Qd6 f4 28.
Qxe6+ Ne7 29. Qd7+ Kf8 30. Qf5+ Nxf5 31. Bd3 Qxh2# {TerraPi checkmated} 0-1

[Event "ICS rated blitz match"]
[Site "204.178.125.65"]
[Date "2000.05.08"]
[Round "?"]
[White "Hossa"]
[Black "TerraPi"]
[Result "1-0"]
[WhiteElo "2512"]
[BlackElo "1890"]
[PlyCount "115"]
[EventDate "2000.??.??"]

1. e4 c6 2. d4 d6 3. Nf3 Nf6 4. Nc3 Bg4 5. Be3 Qb6 6. Rb1 Nbd7 7. Be2 d5 8. e5
Ne4 9. Nxe4 dxe4 10. Ng5 Bxe2 11. Qxe2 Qa5+ 12. c3 Qxa2 13. O-O f5 14. exf6
Nxf6 15. Ra1 Qd5 16. Rfe1 h6 17. Nh3 Qf5 18. Bf4 g5 19. Be5 Qe6 20. Qc2 g4 21.
Nf4 Qd7 22. Bxf6 exf6 23. Qxe4+ Kd8 24. Ne6+ Kc8 25. Qxg4 Bd6 26. Qf5 Be7 27.
Qe4 Kb8 28. Qf4+ Qd6 29. Qe3 Qd7 30. b3 Bd6 31. g3 h5 32. Qf3 Qf7 33. Re4 Qg6
34. Rae1 f5 35. Rh4 Qf7 36. Kf1 a6 37. g4 Qf6 38. g5 Qg6 39. d5 c5 40. b4 cxb4
41. cxb4 Ra7 42. Rc1 Qf7 43. Qc3 Re8 44. Rc4 Qg8 45. f4 Ra8 46. Qd2 Qf7 47. Qd4
Ra7 48. Qb6 Qd7 49. Rc6 Be7 50. Kg1 h4 51. Rc7 Qd6 52. R1c6 Qxf4 53. Nxf4 Bxg5
54. d6 Re1+ 55. Kf2 Re8 56. d7 Rd8 57. Rc8+ Rxc8 58. dxc8=Q# {
TerraPi checkmated} 1-0